| 000 | 00479nam a2200193Ia 4500 | ||
|---|---|---|---|
| 008 | 170918s9999 xx 000 0 und d | ||
| 020 | _a590404008 | ||
| 050 | _bE797 1973 | ||
| 100 | _aEster, Eleanor | ||
| 245 | 4 | _aThe hundred dresses / | |
| 245 | _cEleanor Estes ; illustrated by Louis Slobodkin. | ||
| 260 | _aNew York : | ||
| 260 | _bScholastic, | ||
| 260 | _c1973 | ||
| 300 | _a78 pages : | ||
| 300 | _bcolored illustration ; | ||
| 300 | _c19cm. | ||
| 500 | _a870 | ||
| 999 |
_c342079 _d342079 |
||